Riconosci il Pokémon - Quiz n°236 - Statistics

Statistiche generali
  • Questo quiz è stato fatto 0 volte
  • Il punteggio medio è 0 su 10
Statistiche sulle risposte
Indizio Risposta % Corretto
Altezza 0,2 m
0%
Peso 1,5 kg
0%
Tasso di cattura 190 (35.2%)
0%
Sesso 50% ♂, 50% ♀
0%
Tipo Erba / Folletto
0%
Stadio evoluzione Forma Base
0%
Tasso di allevamento Medio-Veloce
0%
Pokémon Morelull
0%
Abilità Risplendi; Spargispora; Copripioggia
0%
Generazione Settima
0%
Nessun quiz corrispondente trovato
Distribuzione punteggi
Percentuale di utenti per punteggio
Percentile per numero di risposta
I tuoi punteggi nel tempo
Non hai fatto questo quiz